Statistics for business and economics (Record no. 76791)

MARC details
000 -LEADER
fixed length control field 01020nam a2200229 a 4500
008 - FIXED-LENGTH DATA ELEMENTS--GENERAL INFORMATION
fixed length control field 120416s1980 ||||||||||||||||| || u
020 ## - INTERNATIONAL STANDARD BOOK NUMBER
International Standard Book Number 0256022763
050 ## - LIBRARY OF CONGRESS CALL NUMBER
Classification number HA 29 Van
100 ## - MAIN ENTRY--PERSONAL NAME
Personal name Van Matre, Joseph G
245 10 - TITLE STATEMENT
Title Statistics for business and economics
260 ## - PUBLICATION, DISTRIBUTION, ETC.
Place of publication, distribution, etc. Dallas, Tex.
Name of publisher, distributor, etc. Business Publications
Date of publication, distribution, etc. 1980
300 ## - PHYSICAL DESCRIPTION
Extent xiii, 589p. : ill.
350 ## -
-- 0.00
500 ## - GENERAL NOTE
General note Bibliography.
650 #0 - SUBJECT ADDED ENTRY--TOPICAL TERM
Topical term or geographic name entry element COMMERCIAL STATISTICS
650 #0 - SUBJECT ADDED ENTRY--TOPICAL TERM
Topical term or geographic name entry element ECONOMICS
650 #0 - SUBJECT ADDED ENTRY--TOPICAL TERM
Topical term or geographic name entry element ECONOMICS--STATISTICAL METHODS
650 ## - SUBJECT ADDED ENTRY--TOPICAL TERM
Topical term or geographic name entry element STATISTICS--HANDBOOKS, MANUALS, ETC
995 ## -
-- BINDERY (DAMAGED)
-- 0.00
-- 706709
-- CBU-MAIN LIBRARY (Kitwe)
-- 3
-- 0.00
-- HA 29 Van
-- 1
-- DAMAGED
-- 000261
-- Main Library Open Access Collection
995 ## -
-- BINDERY (DAMAGED)
-- 0.00
-- 706710
-- CBU-MAIN LIBRARY (Kitwe)
-- 2
-- 0.00
-- HA 29 Van
-- 3
-- DAMAGED
-- 000263
-- Main Library Open Access Collection
995 ## -
-- MAIN LIBRARY OPEN ACCESS
-- 0.00
-- 703861
-- CBU-MAIN LIBRARY (Kitwe)
-- 1
-- 0.00
-- HA 29 Van
-- 2
-- AVAILABLE
-- 000262
-- Main Library Open Access Collection
999 ## -
-- 76791
-- 76791
Holdings
Withdrawn status Lost status Source of classification or shelving scheme Damaged status Not for loan Permanent Location Current Location Shelving location Date acquired Total Checkouts Full call number Barcode Date last seen Copy number Price effective from Koha item type
          CBU-MAIN LIBRARY, KITWE. CBU-MAIN LIBRARY, KITWE.   04/25/2023   HA 29 Van 000261 04/25/2023 1 04/25/2023 MONOGRAPH
          CBU-MAIN LIBRARY, KITWE. CBU-MAIN LIBRARY, KITWE.   04/25/2023   HA 29 Van 000263 04/25/2023 2 04/25/2023 MONOGRAPH
          CBU-MAIN LIBRARY, KITWE. CBU-MAIN LIBRARY, KITWE.   04/25/2023   HA 29 Van 000262 04/25/2023 3 04/25/2023 MONOGRAPH